| 000 | 00608nam a2200217 a 4500 | ||
|---|---|---|---|
| 001 | 000013349 | ||
| 003 | DO-SdBNP | ||
| 005 | 20220419090315.0 | ||
| 007 | ta | ||
| 008 | 091123s1991 dr 000 0 spa d | ||
| 040 |
_aDO-SdBNP _bspa _cBNPHU |
||
| 049 | _aBNPD | ||
| 082 | 4 | _222 | |
| 100 | 1 |
_aCortez J., Mónica, _d1963- _930552 |
|
| 245 | 1 | 0 |
_aDivagando por la piel / _cMónica Cortez J. |
| 260 |
_aSanto Domingo : _bAlfa y Omega, _c1991. |
||
| 300 |
_a92 p. ; _c22 cm. |
||
| 500 | _aIncluye datos biográficos de la autora en la contracubierta | ||
| 590 | _aInventariado, 2022/BT | ||
| 942 |
_2ddc _cLBS1 |
||
| 999 |
_c12977 _d12977 |
||